000 005920000a22001810004500
003 MACL
005 20160403135230.0
008 160403b xxu||||| |||| 00| 0 eng d
040 _aMACL
_cMACL
041 _aHindi
082 _a294
100 _aडॉ सुरेन्‍द्र कुमार पाण्‍डेय
_950276
245 _aधर्मशास्‍त्रसहस्‍त्रक्रम
260 _bसाहित्‍य भंडार
_c1997
_aइलाहाबाद
350 _a100
650 _aHindu Religion
_9350
942 _cHIN
_k294
_2ddc
999 _c12041
_d12041